1 and 2 Peter and Jude : (Record no. 21201)
[ view plain ]
| 000 -LEADER | |
|---|---|
| fixed length control field | 03211cam a22003974a 4500 |
| 001 - CONTROL NUMBER | |
| control field | 14946542 |
| 003 - CONTROL NUMBER IDENTIFIER | |
| control field | OSt |
| 005 - DATE AND TIME OF LATEST TRANSACTION | |
| control field | 20260213105755.0 |
| 008 - FIXED-LENGTH DATA ELEMENTS--GENERAL INFORMATION | |
| fixed length control field | 070730s2008 ilu b 001 0 eng |
| 010 ## - LIBRARY OF CONGRESS CONTROL NUMBER | |
| LC control number | 2007031316 |
| 020 ## - INTERNATIONAL STANDARD BOOK NUMBER | |
| International Standard Book Number | 9781581349603 |
| Qualifying information | hc |
| 035 ## - SYSTEM CONTROL NUMBER | |
| System control number | 14946542 |
| 040 ## - CATALOGING SOURCE | |
| Original cataloging agency | DLC |
| Transcribing agency | DLC |
| Modifying agency | DLC |
| 050 00 - LIBRARY OF CONGRESS CALL NUMBER | |
| Classification number | BS2795.53 |
| Item number | .H45 2008 |
| 082 00 - DEWEY DECIMAL CLASSIFICATION NUMBER | |
| Classification number | 227/.92077 |
| Edition number | 22 |
| 100 1# - MAIN ENTRY--PERSONAL NAME | |
| Personal name | Helm, David R., |
| Dates associated with a name | 1961- |
| 245 10 - TITLE STATEMENT | |
| Title | 1 and 2 Peter and Jude : |
| Remainder of title | sharing Christ's sufferings / |
| Statement of responsibility, etc. | David R. Helm ; R. Kent Hughes, general editor. |
| 246 3# - VARYING FORM OF TITLE | |
| Title proper/short title | First and Second Peter and Jude |
| 260 ## - PUBLICATION, DISTRIBUTION, ETC. (IMPRINT) | |
| Place of publication, distribution, etc. | Wheaton, Ill. : |
| Name of publisher, distributor, etc. | Crossway Books, |
| Date of publication, distribution, etc. | c2008. |
| 300 ## - PHYSICAL DESCRIPTION | |
| Extent | 414 p. ; |
| Dimensions | 24 cm. |
| 336 ## - CONTENT TYPE | |
| Content type term | text |
| Content type code | txt |
| Source | rdacontent |
| 337 ## - MEDIA TYPE | |
| Media type term | unmediated |
| Media type code | n |
| Source | rdamedia |
| 338 ## - CARRIER TYPE | |
| Carrier type term | volume |
| Carrier type code | nc |
| Source | rdacarrier |
| 490 0# - SERIES STATEMENT | |
| Series statement | Preaching the Word |
| 504 ## - BIBLIOGRAPHY, ETC. NOTE | |
| Bibliography, etc | Includes bibliographical references (p. [360]-373) and indexes. |
| 505 0# - FORMATTED CONTENTS NOTE | |
| Formatted contents note | Peter reading 1 Peter -- 1 Peter 1.1-2: a letter to elect exiles -- 1 Peter 1.3-5: salvations future goal -- 1 Peter 1.6-9: salvations present trials -- 1 Peter 1.10-12: salvations past glories -- 1 Peter 1.13-21: a settled hope -- 1 Peter 1.22-2.3 a sincere love -- 1 Peter 2.4-10 :a spiritual house -- 1 Peter 2.11-12: good deeds -- 1 Peter 2.13-25: honorable living -- 1 Peter 3.1-7: internal adornment -- 1 Peter 3.8-17: encouragement to continue -- 1 Peter 3.18-22: encouragement in Christ's victory -- 1 Peter 4.1-6: embrace your calling to suffer in the world -- 1 Peter 4.7-11: embrace your calling in the church -- 1 Peter 4.12-19: glory, suffering and judgment -- 1 Peter 5.1-5: an exhortation to elders -- 1 Peter 5.6-14: true grace and the eternal glory -- 2 Peter reading 2 Peter -- 2 Peter 1.1-2: this letter and the life experience of Peter -- 2 Peter 1.3-11: our faith must grow -- 2 Peter 1.12-15: final words on matters of first importance -- 2 Peter 1.16-21: following in the apostolic way -- 2 Peter 2.1-10a: portraits of failing faith -- 2 Peter 2.10b-22: preachers who forsake the faith -- 2 Peter 3.1-7: a reminder on the return of Christ -- 2 Peter 3.8-10: reasons for a delay in Christ's return -- 2 Peter 3.11-16: what to do while waiting -- 2 Peter 3.17-18: a faith that finishes -- Jude reading Jude -- Jude 1-2: letter from the ancient Jewish world -- Jude 3-4: contending for this noble faith -- Jude 5-10: the past becomes present -- Jude 11-16: the making of Midrash -- Jude 17-21: contending for the faith : remember and keep -- Jude 20-21: contending for the faith : the commitments we make -- Jude 22-23: contending for the faith : the conduct we embrace -- Jude 24-25: an exalted ending. |
| 630 00 - SUBJECT ADDED ENTRY--UNIFORM TITLE | |
| Uniform title | Bible. |
| Name of part/section of a work | Peter |
| Form subdivision | Commentaries. |
| 630 00 - SUBJECT ADDED ENTRY--UNIFORM TITLE | |
| Uniform title | Bible. |
| Name of part/section of a work | Jude |
| Form subdivision | Commentaries. |
| 655 #7 - INDEX TERM--GENRE/FORM | |
| Genre/form data or focus term | Commentaries. |
| Source of term | lcgft |
| Authority record control number | https://id.loc.gov/authorities/genreForms/gf2025026014 |
| 700 1# - ADDED ENTRY--PERSONAL NAME | |
| Personal name | Hughes, R. Kent, |
| Dates associated with a name | 1942- |
| 856 41 - ELECTRONIC LOCATION AND ACCESS | |
| Materials specified | Table of contents only |
| Uniform Resource Identifier | <a href="http://www.loc.gov/catdir/toc/ecip0724/2007031316.html">http://www.loc.gov/catdir/toc/ecip0724/2007031316.html</a> |
| 906 ## - LOCAL DATA ELEMENT F, LDF (RLIN) | |
| a | 7 |
| b | cbc |
| c | orignew |
| d | 1 |
| e | ecip |
| f | 20 |
| g | y-gencatlg |
| 942 ## - ADDED ENTRY ELEMENTS (KOHA) | |
| Source of classification or shelving scheme | Library of Congress Classification |
| Koha item type | General Collection |
| Withdrawn status | Lost status | Source of classification or shelving scheme | Not for loan | Home library | Current library | Shelving location | Date acquired | Source of acquisition | Inventory number | Total Checkouts | Full call number | Barcode | Date last seen | Copy number | Price effective from | Koha item type |
|---|---|---|---|---|---|---|---|---|---|---|---|---|---|---|---|---|
| Library of Congress Classification | Kabarak, Main Campus | Kabarak, Main Campus | General Stacks | 13/02/2026 | Donation | 2025/3492 | BS2795.53 .H45 2008 C.1 | 38518 | 13/02/2026 | C.1 | 13/02/2026 | General Collection |